Current Financial and Economic Crisis - Some Consequences
Salvato in:
| Autore principale: | |
|---|---|
| Altri autori: | |
| Natura: | Capitolo di libro |
| Lingua: | inglese |
| Soggetti: | |
| Tags: |
Nessun Tag, puoi essere il primo ad aggiungerne!!
|
MARC
| LEADER | 00000nla$a2200000$$$4500 | ||
|---|---|---|---|
| 001 | 0144648 | ||
| 005 | 20240502083334.8 | ||
| 041 | 0 | |a eng | |
| 044 | |a CZ | ||
| 245 | 1 | 0 | |a Current Financial and Economic Crisis - Some Consequences |c Eva Muchová, Ján Lisý |
| 500 | |a Abstrakt | ||
| 610 | 2 | 0 | |a recesia |
| 610 | 2 | 0 | |a kríza finančná |
| 610 | 2 | 0 | |a kríza hospodárska |
| 610 | 2 | 0 | |a dlhy |
| 610 | 2 | 0 | |a nezamestnanosť |
| 610 | 2 | 0 | |a produkt domáci hrubý |
| 610 | 2 | 0 | |a teórie ekonomické |
| 100 | 1 | |a Muchová, Eva, 1961- | |
| 700 | 1 | |a Lisý, Ján | |